Álbum de obras para piano del repertorio popular de la música colombiana

El libro Álbum de obras para piano del repertorio popular de la música colombiana, es un texto musical para los invidentes, que abre horizontes y posibilita ampliar las dimensiones significativas de numerosos ciudadanos.

Kaydedildi:
Detaylı Bibliyografya
Yazar: Gómez Díaz, Francisco A.
Materyal Türü: Kitap
Dil:Spanish
Baskı/Yayın Bilgisi: Bogotá: IDEP, 1997
Edisyon:1
Seri Bilgileri:Pedagogía y formación ciudadana
Konular:
Online Erişim:Enlace del recurso
Etiketler: Etiketle
Etiket eklenmemiş, İlk siz ekleyin!

MARC

LEADER 00000nam a2200000 a 4500
001 000426
008 021015s1997 ck # fr# o000|0#spa#d
020 |a 958-8018-04-8 
041 0 |a spa 
043 |a s-ck--- 
082 0 4 |a 780.9861  |b G552al 
100 1 |a Gómez Díaz, Francisco A. 
245 1 0 |a Álbum de obras para piano del repertorio popular de la música colombiana   |c Francisco A. Gómez Díaz 
250 |a 1 
260 |a Bogotá:  |b IDEP,  |c 1997 
300 |a 65 p. 
440 0 |a Pedagogía y formación ciudadana 
500 |a Texto en sistema braille 
520 3 |a El libro Álbum de obras para piano del repertorio popular de la música colombiana, es un texto musical para los invidentes, que abre horizontes y posibilita ampliar las dimensiones significativas de numerosos ciudadanos. 
650 1 4 |a MÚSICA PARA CIEGOS  |z COLOMBIA 
650 1 4 |a MÚSICA FOLCLÓRICA 
900 |a 20021015 
999 |c 2579  |d 2579 
856 |u https://catalogo.idep.edu.co/cgi-bin/koha/opac-detail.pl?biblionumber=2579  |z Enlace del recurso